<?xml version="1.0" encoding="UTF-8"?>
<record
    xmlns:xsi="http://www.w3.org/2001/XMLSchema-instance"
    xsi:schemaLocation="http://www.loc.gov/MARC21/slim http://www.loc.gov/standards/marcxml/schema/MARC21slim.xsd"
    xmlns="http://www.loc.gov/MARC21/slim">

  <leader>00837nam a22001337a 4500</leader>
  <datafield tag="040" ind1=" " ind2=" ">
    <subfield code="c">RUA </subfield>
  </datafield>
  <datafield tag="082" ind1=" " ind2=" ">
    <subfield code="a">ATM UY 2012 B199 Or.1</subfield>
  </datafield>
  <datafield tag="100" ind1=" " ind2=" ">
    <subfield code="a">UY PISETH; &#x17A2;&#x17CA;&#x17BB;&#x1799; &#x1796;&#x17B7;&#x179F;&#x17B7;&#x178A;&#x17D2;&#x178B;</subfield>
  </datafield>
  <datafield tag="245" ind1=" " ind2=" ">
    <subfield code="a">The comparison of effectiveness of rice husk biochar and wood charcoal debris on soil chemical properties and yield of batavialettuce, &#x1780;&#x17B6;&#x179A;&#x1794;&#x17D2;&#x179A;&#x17C0;&#x1794;&#x1792;&#x17C0;&#x1794;&#x1796;&#x17B8;&#x1794;&#x17D2;&#x179A;&#x179F;&#x17B7;&#x1791;&#x17D2;&#x1792;&#x1797;&#x17B6;&#x1796;&#x1793;&#x17C3;&#x1787;&#x17B8;&#x179C;&#x1792;&#x17D2;&#x1799;&#x17BC;&#x1784;&#x17A2;&#x1784;&#x17D2;&#x1780;&#x17B6;&#x1798; &#x1793;&#x17B7;&#x1784;&#x1780;&#x17C6;&#x1791;&#x17C1;&#x1785;&#x1792;&#x17D2;&#x1799;&#x17BC;&#x1784;&#x1788;&#x17BE;&#x179B;&#x17BE;&#x179B;&#x1780;&#x17D2;&#x1781;&#x178E;&#x17C8;&#x1782;&#x17B8;&#x1798;&#x17B8;&#x179A;&#x1794;&#x179F;&#x17CB;&#x178A;&#x17B8; &#x1793;&#x17B7;&#x1784;&#x1791;&#x17B7;&#x1793;&#x17D2;&#x1793;&#x1795;&#x179B;&#x178A;&#x17C6;&#x1793;&#x17B6;&#x17C6;&#x179F;&#x17B6;&#x17A1;&#x17B6;&#x178F;&#x17CB;&#x1794;&#x17C9;&#x17B6;&#x178F;&#x17B6;&#x179C;&#x17B8;&#x1799;&#x17C9;&#x17B6;.</subfield>
  </datafield>
  <datafield tag="260" ind1=" " ind2=" ">
    <subfield code="a">Phnom Penh </subfield>
    <subfield code="b">RUA </subfield>
    <subfield code="c">2012</subfield>
  </datafield>
  <datafield tag="300" ind1=" " ind2=" ">
    <subfield code="a">x; 44p.</subfield>
    <subfield code="b">ill.</subfield>
    <subfield code="c">29cm.</subfield>
  </datafield>
  <datafield tag="856" ind1=" " ind2=" ">
    <subfield code="u">https://drive.google.com/file/d/1OfxzfRqKhMi22lmmkL7zgPXfgrtpMyOp/view?usp=sharing</subfield>
  </datafield>
  <datafield tag="942" ind1=" " ind2=" ">
    <subfield code="c">ATM</subfield>
  </datafield>
  <datafield tag="999" ind1=" " ind2=" ">
    <subfield code="c">4289</subfield>
    <subfield code="d">4289</subfield>
  </datafield>
  <datafield tag="952" ind1=" " ind2=" ">
    <subfield code="0">0</subfield>
    <subfield code="1">0</subfield>
    <subfield code="2">ddc</subfield>
    <subfield code="4">0</subfield>
    <subfield code="6">ATM_UY_2012_000000000000000_B199_OR_1</subfield>
    <subfield code="7">0</subfield>
    <subfield code="9">21727</subfield>
    <subfield code="a">LBB</subfield>
    <subfield code="b">LBB</subfield>
    <subfield code="c">B199</subfield>
    <subfield code="d">2015-12-09</subfield>
    <subfield code="l">3</subfield>
    <subfield code="m">1</subfield>
    <subfield code="o">ATM UY 2012 B199 Or.1</subfield>
    <subfield code="p">RUA033581</subfield>
    <subfield code="r">2016-09-21</subfield>
    <subfield code="s">2016-09-12</subfield>
    <subfield code="w">2015-12-09</subfield>
    <subfield code="y">ATM</subfield>
  </datafield>
  <datafield tag="952" ind1=" " ind2=" ">
    <subfield code="0">0</subfield>
    <subfield code="1">0</subfield>
    <subfield code="2">ddc</subfield>
    <subfield code="4">0</subfield>
    <subfield code="6">ATM_UY_2012_000000000000000_B199_OR_2</subfield>
    <subfield code="7">0</subfield>
    <subfield code="9">21728</subfield>
    <subfield code="a">LBB</subfield>
    <subfield code="b">LBB</subfield>
    <subfield code="c">B199</subfield>
    <subfield code="d">2015-12-09</subfield>
    <subfield code="l">2</subfield>
    <subfield code="o">ATM UY 2012 B199 Or.2</subfield>
    <subfield code="p">RUA033584</subfield>
    <subfield code="r">2016-08-02</subfield>
    <subfield code="s">2016-07-18</subfield>
    <subfield code="w">2015-12-09</subfield>
    <subfield code="y">ATM</subfield>
  </datafield>
  <datafield tag="952" ind1=" " ind2=" ">
    <subfield code="0">0</subfield>
    <subfield code="1">0</subfield>
    <subfield code="2">ddc</subfield>
    <subfield code="4">0</subfield>
    <subfield code="6">ATM_UY_2012_000000000000000_B199_OR_3</subfield>
    <subfield code="7">0</subfield>
    <subfield code="9">21729</subfield>
    <subfield code="a">LBB</subfield>
    <subfield code="b">LBB</subfield>
    <subfield code="c">B199</subfield>
    <subfield code="d">2015-12-09</subfield>
    <subfield code="l">2</subfield>
    <subfield code="o">ATM UY 2012 B199 Or.3</subfield>
    <subfield code="p">RUA033540</subfield>
    <subfield code="r">2024-09-09</subfield>
    <subfield code="s">2024-08-21</subfield>
    <subfield code="w">2015-12-09</subfield>
    <subfield code="y">ATM</subfield>
  </datafield>
  <datafield tag="952" ind1=" " ind2=" ">
    <subfield code="0">0</subfield>
    <subfield code="1">0</subfield>
    <subfield code="2">ddc</subfield>
    <subfield code="4">0</subfield>
    <subfield code="6">ATM_UY_2012_000000000000000_B199_OR_4</subfield>
    <subfield code="7">0</subfield>
    <subfield code="9">21730</subfield>
    <subfield code="a">LBB</subfield>
    <subfield code="b">LBB</subfield>
    <subfield code="c">B199</subfield>
    <subfield code="d">2015-12-09</subfield>
    <subfield code="l">5</subfield>
    <subfield code="m">1</subfield>
    <subfield code="o">ATM UY 2012 B199 Or.4</subfield>
    <subfield code="p">RUA038435</subfield>
    <subfield code="r">2017-02-17</subfield>
    <subfield code="s">2017-02-03</subfield>
    <subfield code="w">2015-12-09</subfield>
    <subfield code="y">ATM</subfield>
  </datafield>
  <datafield tag="952" ind1=" " ind2=" ">
    <subfield code="0">0</subfield>
    <subfield code="1">0</subfield>
    <subfield code="2">ddc</subfield>
    <subfield code="4">0</subfield>
    <subfield code="6">ATM_UY_2012_000000000000000_B199_OR_5</subfield>
    <subfield code="7">0</subfield>
    <subfield code="9">37083</subfield>
    <subfield code="a">LBB</subfield>
    <subfield code="b">LBB</subfield>
    <subfield code="c">B199</subfield>
    <subfield code="d">2016-02-04</subfield>
    <subfield code="l">5</subfield>
    <subfield code="m">1</subfield>
    <subfield code="o">ATM UY 2012 B199 Or.5</subfield>
    <subfield code="p">RUA050975</subfield>
    <subfield code="r">2016-11-18</subfield>
    <subfield code="s">2016-10-14</subfield>
    <subfield code="w">2016-02-04</subfield>
    <subfield code="y">ATM</subfield>
  </datafield>
  <datafield tag="952" ind1=" " ind2=" ">
    <subfield code="0">0</subfield>
    <subfield code="1">0</subfield>
    <subfield code="2">ddc</subfield>
    <subfield code="4">0</subfield>
    <subfield code="6">ATM_UY_2012_000000000000000_B_218_OR_1</subfield>
    <subfield code="7">0</subfield>
    <subfield code="9">78260</subfield>
    <subfield code="a">LBB</subfield>
    <subfield code="b">LBB</subfield>
    <subfield code="c">B1.218</subfield>
    <subfield code="d">2019-02-12</subfield>
    <subfield code="o">ATM UY 2012 B.218 Or.1</subfield>
    <subfield code="p">A37471</subfield>
    <subfield code="r">2019-02-12</subfield>
    <subfield code="w">2019-02-12</subfield>
    <subfield code="y">ATM</subfield>
  </datafield>
</record>
